000 00662nam a2200145 a 4500
008 120416s1939 ||||||||||||||||| || u
050 _aPL 8703 Int
245 1 2 _aA Standard Swahili-English dictionary
246 _aInter-territorial Lnguage (Swahili) Committee for the East African Dependencies
260 _aLondon
_bOxford University Press
_c1939
300 _ax, 548p.
350 _a0.00
995 _aREFERENCE BOOKS
_D0.00
_e133997
_FCBU-MAIN LIBRARY (Kitwe)
_H1
_I0.00
_jPL 8703 Int
_M1
_UREFERENCE
_y022932
_ZReference Collection
995 _aREFERENCE BOOKS
_D0.00
_e133998
_FCBU-MAIN LIBRARY (Kitwe)
_H2
_I0.00
_jPL 8703 Int
_M2
_UREFERENCE
_y022941
_ZReference Collection
999 _c76739
_d76739